Offizieller Katalog die Hauptwerke im Ägyptischen Museum Kairo /

Saved in:

Main Author: Saleh, Mohamed (Author)

Corporate Authors: Matḥaf al-Miṣrī., Egypt. Maṣlaḥat al-Āthār.

Other Authors: Sourouzian, Hourig., Liepe, Jürgen.

Format: Book

Language: German

Published: Mainz, Germany : P. von Zabern, c1986.

Subjects:

Tags: Add Tag

No Tags, Be the first to tag this record!

Call Number: DT59 .C243 S25132 1986

LEADER 01222namaa2200325 4500
001 13458
003 OSt
005 20260517053322.0
008 130303s1986 gw ae b 000 0 ger d
020 |a 3805306407 
040 |c ARCE Library 
050 0 4 |a DT59 .C243 S25132 1986 
100 1 |a Saleh, Mohamed,  |e author 
245 1 0 |a Offizieller Katalog die Hauptwerke im Ägyptischen Museum Kairo /   |c Texte von Mohamed Saleh und Hourig Sourouzian ; Photographien von Jürgen Liepe ; herausgegeben vom Antikendienst, Arabische Republik Ägypten.  |b   
264 1 |a Mainz, Germany :  |b P. von Zabern,  |c c1986. 
300 |a 268 pages :  |b illustrations (chiefly color), plans ;  |c 24 cm. 
500 |a Plans on tipped in page. 
504 |a Includes bibliographical references. 
610 2 0 |a Matḥaf al-Miṣrī  |v Catalogs. 
650 0 |a Art  |z Egypt  |z Cairo  |v Catalogs. 
650 0 |a Art, Egyptian  |v Catalogs. 
651 0 |a Egypt   |x Antiquities   |v Catalogs. 
700 1 |a Sourouzian, Hourig.  |9 40327 
700 1 |a Liepe, Jürgen.  |9 34781 
710 2 |a Matḥaf al-Miṣrī. 
710 2 |a Egypt.  |b Maṣlaḥat al-Āthār. 
740 0 |a Hauptwerke im Ägyptischen Museum Kairo. 
901 |a reviewed 
942 |c BK  |2 lcc 
999 |c 12951  |d 12951